Modern physics / (Запис № 526290)
[ простий вигляд ]
| 000 -LEADER | |
|---|---|
| fixed length control field | 01983cam a2200493 a 4500 |
| 001 - CONTROL NUMBER | |
| control field | modernphysics00kran |
| 003 - CONTROL NUMBER IDENTIFIER | |
| control field | CaSfIA |
| 005 - DATE AND TIME OF LATEST TRANSACTION | |
| control field | 20210118190152.0 |
| 007 - PHYSICAL DESCRIPTION FIXED FIELD--GENERAL INFORMATION | |
| fixed length control field | cr|||| |
| 008 - FIXED-LENGTH DATA ELEMENTS--GENERAL INFORMATION | |
| fixed length control field | 820607s1983 nyua 001 0 eng |
| 010 ## - LIBRARY OF CONGRESS CONTROL NUMBER | |
| LC control number | 82011096 |
| 040 ## - CATALOGING SOURCE | |
| Original cataloging agency | DLC |
| Transcribing agency | DLC |
| Modifying agency | MUQ |
| -- | BAKER |
| -- | BTCTA |
| -- | YDXCP |
| -- | ZWZ |
| -- | DEBBG |
| -- | CaSfIA |
| 020 ## - INTERNATIONAL STANDARD BOOK NUMBER | |
| International Standard Book Number | 0471079634 : |
| Terms of availability | $23.95 (est.) |
| 020 ## - INTERNATIONAL STANDARD BOOK NUMBER | |
| International Standard Book Number | 9780471079637 |
| 035 ## - SYSTEM CONTROL NUMBER | |
| System control number | (OCoLC)8552530 |
| 050 00 - LIBRARY OF CONGRESS CALL NUMBER | |
| Classification number | QC21.2 |
| Item number | .K7 1983 |
| 082 00 - DEWEY DECIMAL CLASSIFICATION NUMBER | |
| Classification number | 539 |
| Edition number | 19 |
| 084 ## - OTHER CLASSIFICATION NUMBER | |
| Classification number | PHY 001f |
| Source of number | stub |
| 029 1# - (OCLC) | |
| OCLC library identifier | NLGGC |
| System control number | 821663674 |
| 029 1# - (OCLC) | |
| OCLC library identifier | NZ1 |
| System control number | 2849874 |
| 029 1# - (OCLC) | |
| OCLC library identifier | AU@ |
| System control number | 000002257739 |
| 029 1# - (OCLC) | |
| OCLC library identifier | ZWZ |
| System control number | 024676578 |
| 029 1# - (OCLC) | |
| OCLC library identifier | UNITY |
| System control number | 023866756 |
| 029 1# - (OCLC) | |
| OCLC library identifier | UKJSY |
| System control number | 0471892424 |
| 029 1# - (OCLC) | |
| OCLC library identifier | DEBBG |
| System control number | BV002124210 |
| 100 1# - MAIN ENTRY--PERSONAL NAME | |
| Personal name | Krane, Kenneth S. |
| 245 10 - TITLE STATEMENT | |
| Title | Modern physics / |
| Medium | [electronic resource] |
| Statement of responsibility, etc | Kenneth S. Krane. |
| 260 ## - PUBLICATION, DISTRIBUTION, ETC. (IMPRINT) | |
| Place of publication, distribution, etc | New York : |
| Name of publisher, distributor, etc | Wiley, |
| Date of publication, distribution, etc | c1983. |
| 300 ## - PHYSICAL DESCRIPTION | |
| Extent | xiii, 512 p. : |
| Other physical details | ill. ; |
| Dimensions | 27 cm. |
| 500 ## - GENERAL NOTE | |
| General note | Includes index. |
| 506 ## - RESTRICTIONS ON ACCESS NOTE | |
| Standardized terminology for access restriction | Необхідна авторизація на https://archive.org/ (створення облікового запису безкоштовно) |
| 506 ## - RESTRICTIONS ON ACCESS NOTE | |
| Standardized terminology for access restriction | Необхідна авторизація на https://openlibrary.org/ (створення облікового запису безкоштовно) |
| 650 #0 - SUBJECT ADDED ENTRY--TOPICAL TERM | |
| Topical term or geographic name as entry element | Physics. |
| 650 #6 - SUBJECT ADDED ENTRY--TOPICAL TERM | |
| Topical term or geographic name as entry element | Physique. |
| 650 #7 - SUBJECT ADDED ENTRY--TOPICAL TERM | |
| Topical term or geographic name as entry element | Physique. |
| Source of heading or term | ram |
| 650 07 - SUBJECT ADDED ENTRY--TOPICAL TERM | |
| Topical term or geographic name as entry element | Lehrbuch. |
| Source of heading or term | swd |
| 650 07 - SUBJECT ADDED ENTRY--TOPICAL TERM | |
| Topical term or geographic name as entry element | Physik. |
| Source of heading or term | swd |
| 776 08 - ADDITIONAL PHYSICAL FORM ENTRY | |
| Display text | Online version: |
| Main entry heading | Krane, Kenneth S. |
| Title | Modern physics. |
| Place, publisher, and date of publication | New York : Wiley, c1983 |
| Record control number | (OCoLC)645897130 |
| 856 42 - ELECTRONIC LOCATION AND ACCESS | |
| Materials specified | Publisher description |
| Uniform Resource Identifier | <a href="http://www.loc.gov/catdir/enhancements/fy0607/82011096-d.html">http://www.loc.gov/catdir/enhancements/fy0607/82011096-d.html</a> |
| 856 41 - ELECTRONIC LOCATION AND ACCESS | |
| Materials specified | Table of contents only |
| Uniform Resource Identifier | <a href="http://www.loc.gov/catdir/enhancements/fy0607/82011096-t.html">http://www.loc.gov/catdir/enhancements/fy0607/82011096-t.html</a> |
| 856 41 - ELECTRONIC LOCATION AND ACCESS | |
| Uniform Resource Identifier | <a href="http://www.archive.org/details/modernphysics00kran">http://www.archive.org/details/modernphysics00kran</a> |
| Public note | Free eBook from the Internet Archive |
| 856 42 - ELECTRONIC LOCATION AND ACCESS | |
| Uniform Resource Identifier | <a href="http://www.openlibrary.org/books/OL3491299M">http://www.openlibrary.org/books/OL3491299M</a> |
| Public note | Additional information and access via Open Library |
| 942 ## - ADDED ENTRY ELEMENTS (KOHA) | |
| Koha item type | ЕКнига |
Немає доступних примірників.